El testigo secreto : (Record no. 190638)
[ view plain ]
| 000 -LEADER | |
|---|---|
| campo de control de longitud fija | 01506cam a2200397 i 4500 |
| 001 - NÚMERO DE CONTROL | |
| campo de control | 190638 |
| 003 - IDENTIFICADOR DE NÚMERO DE CONTROL | |
| campo de control | ES-MaACL |
| 005 - FECHA Y HORA DE LA ÚLTIMA TRANSACCIÓN | |
| campo de control | 20251014063308.0 |
| 008 - DATOS DE LONGITUD FIJA--INFORMACIÓN GENERAL | |
| campo de control de longitud fija | 220228s1999 sp f 001 0 spa |
| 020 ## - NÚMERO INTERNACIONAL ESTÁNDAR DEL LIBRO | |
| Número Internacional Estándar del Libro | 950-15-1988-0 |
| 080 ## - NÚMERO DE LA CLASIFICACIÓN DECIMAL UNIVERSAL | |
| Número de la Clasificación Decimal Universal | 34.096 Pinochet Ugarte, Augusto |
| 080 ## - NÚMERO DE LA CLASIFICACIÓN DECIMAL UNIVERSAL | |
| Número de la Clasificación Decimal Universal | 34 Garzón, Baltasar |
| 080 ## - NÚMERO DE LA CLASIFICACIÓN DECIMAL UNIVERSAL | |
| Número de la Clasificación Decimal Universal | 343.4(83)"1973/88" |
| 080 ## - NÚMERO DE LA CLASIFICACIÓN DECIMAL UNIVERSAL | |
| Número de la Clasificación Decimal Universal | 343.4(82)"1976/83" |
| 100 1# - ENTRADA PRINCIPAL--NOMBRE DE PERSONA | |
| Nombre de persona | Bérmudez, Norberto, |
| Fechas asociadas al nombre | 1954- |
| 9 (RLIN) | 174239 |
| 245 13 - MENCIÓN DEL TÍTULO | |
| Título | El testigo secreto : |
| Resto del título | [el juez Garzón contra la impunidad en Argentina y Chile : cómo atrapó a Pinochet] / |
| Mención de responsabilidad, etc. | Norberto Bérmudez y Juan Gasparini. |
| 250 ## - MENCION DE EDICION | |
| Mención de edición | 2ª ed. |
| 260 ## - PUBLICACIÓN, DISTRIBUCIÓN, ETC. | |
| Lugar de publicación, distribución, etc. | Barcelona : |
| Nombre del editor, distribuidor, etc. | Javier Vergara, |
| Fecha de publicación, distribución, etc. | 1999. |
| 300 ## - DESCRIPCIÓN FÍSICA | |
| Extensión | 228, [42] p., [12] p. de lám. ; |
| Dimensiones | 23 cm. |
| 490 1# - MENCIÓN DE SERIE | |
| Mención de serie | Textos libres |
| 500 ## - NOTA GENERAL | |
| Nota general | Anexo documental: [42] p. |
| 599 ## - NOTA A LAS ILUSTRACIONES | |
| NOTA A LAS ILUSTRACIONES | Anexo fotográfico: [12] p. de lám. |
| 600 14 - PUNTO DE ACCESO ADICIONAL DE MATERIA--NOMBRE DE PERSONA | |
| Nombre de persona | Pinochet Ugarte, Augusto- |
| Subdivisión general | Procesos. |
| 9 (RLIN) | 92186 |
| 600 14 - PUNTO DE ACCESO ADICIONAL DE MATERIA--NOMBRE DE PERSONA | |
| Nombre de persona | Garzón, Baltasar, |
| Fechas asociadas al nombre | 1955- |
| 9 (RLIN) | 55817 |
| 650 #4 - PUNTO DE ACCESO ADICIONAL DE MATERIA--TÉRMINO DE MATERIA | |
| Término de materia o nombre geográfico como elemento de entrada | Derecho internacional penal. |
| 9 (RLIN) | 135888 |
| 650 #4 - PUNTO DE ACCESO ADICIONAL DE MATERIA--TÉRMINO DE MATERIA | |
| Término de materia o nombre geográfico como elemento de entrada | Derechos humanos- |
| Subdivisión geográfica | Chile. |
| 9 (RLIN) | 174240 |
| 650 #4 - PUNTO DE ACCESO ADICIONAL DE MATERIA--TÉRMINO DE MATERIA | |
| Término de materia o nombre geográfico como elemento de entrada | Derechos humanos- |
| Subdivisión geográfica | Argentina. |
| 9 (RLIN) | 174241 |
| 650 #4 - PUNTO DE ACCESO ADICIONAL DE MATERIA--TÉRMINO DE MATERIA | |
| Término de materia o nombre geográfico como elemento de entrada | Extradición- |
| Subdivisión geográfica | España. |
| 9 (RLIN) | 174242 |
| 700 1# - ENTRADA AGREGADA--NOMBRE PERSONAL | |
| Nombre de persona | Gasparini, Juan, |
| Fechas asociadas al nombre | 1949- |
| 9 (RLIN) | 174243 |
| 830 1# - PUNTO DE ACCESO ADICIONAL DE SERIE-TÍTULO UNIFORME | |
| Título uniforme | Textos libres |
| 9 (RLIN) | 225918 |
| 852 4# - LOCALIZACIÓN | |
| Ubicación | ES-MaACL |
| Número de control de estantería | A-14901 |
| itemnumber | 197817 |
| Sublocalización o colección | R.152317 |
| Ubicación en estantería | Depósito 1 |
| Signatura antigua | Olim: N-7901 |
| Donativo/Legado | Donación: José Lázaro |
| 903 ## - NOMBRE PERSONAL DE DONANTE | |
| 9 | 234219 |
| a | Lázaro García, José |
| e | Donante |
| 942 ## - ELEMENTOS DE ENTRADA SECUNDARIOS (KOHA) | |
| Fuente del sistema de clasificación o colocación | Clasificación decimal universal |
| Tipo de ítem Koha | Libro impreso |
| Estatus retirado | Estado de pérdida | Fuente del sistema de clasificación o colocación | Estado de daño | No para préstamo | Biblioteca de origen | Biblioteca actual | Ubicación en estantería | Fecha de adquisición | Fuente de adquisición | Total de préstamos | Signatura topográfica completa | Código de barras | Visto por última vez | Precio de reemplazo | Tipo de ítem Koha |
|---|---|---|---|---|---|---|---|---|---|---|---|---|---|---|---|
| Clasificación decimal universal | Biblioteca del Ateneo de Madrid | Biblioteca del Ateneo de Madrid | Depósito 1 | 28/02/2022 | Donación | A-14901 | 1202858 | 23/02/2023 | 23/02/2023 | Libro impreso |
